The Puffin Mahabharata / (Record no. 4213)
[ view plain ]
| 000 -LEADER | |
|---|---|
| fixed length control field | 00731cam a2200241 4500 |
| 001 - CONTROL NUMBER | |
| control field | 5043 |
| 005 - DATE AND TIME OF LATEST TRANSACTION | |
| control field | 20230228165821.0 |
| 008 - FIXED-LENGTH DATA ELEMENTS--GENERAL INFORMATION | |
| fixed length control field | 090422s2009 ii a 000 0 eng d |
| 010 ## - LIBRARY OF CONGRESS CONTROL NUMBER | |
| LC control number | 2009311374 |
| 020 ## - INTERNATIONAL STANDARD BOOK NUMBER | |
| International Standard Book Number | 0143330489 |
| International Standard Book Number | 9780143330486 |
| International Standard Book Number | 978-0-143-33300-5 |
| 100 1# - MAIN ENTRY--PERSONAL NAME | |
| Personal name | Gokhale, Namita, |
| Dates associated with a name | 1956- |
| 245 14 - TITLE STATEMENT | |
| Title | The Puffin Mahabharata / |
| Statement of responsibility, etc. | Namita Gokhale ; illustrated by Suddhasattwa Basu. |
| 246 30 - VARYING FORM OF TITLE | |
| Title proper/short title | Mahabharata |
| 260 ## - PUBLICATION, DISTRIBUTION, ETC. | |
| Place of publication, distribution, etc. | New Delhi, India : |
| Name of publisher, distributor, etc. | Puffin Books, |
| Date of publication, distribution, etc. | 2009. |
| 300 ## - PHYSICAL DESCRIPTION | |
| Extent | 185 p. : |
| Other physical details | col. ill. ; |
| Dimensions | 26 cm. |
| 520 ## - SUMMARY, ETC. | |
| Summary, etc. | Retold; for young readers. |
| 630 00 - SUBJECT ADDED ENTRY--UNIFORM TITLE | |
| Uniform title | Mahabharata |
| Form subdivision | Paraphrases, English. |
| 730 0# - ADDED ENTRY--UNIFORM TITLE | |
| Uniform title | Mahabharata. |
| 942 ## - ADDED ENTRY ELEMENTS (KOHA) | |
| Source of classification or shelving scheme | Dewey Decimal Classification |
| Koha item type | Main |
| Withdrawn status | Lost status | Source of classification or shelving scheme | Damaged status | Not for loan | Collection code | Home library | Current library | Shelving location | Date acquired | Serial Enumeration / chronology | Inventory number | Total Checkouts | Total Renewals | Full call number | Barcode | Checked out | Date last seen | Date last checked out | Price effective from | Koha item type |
|---|---|---|---|---|---|---|---|---|---|---|---|---|---|---|---|---|---|---|---|---|
| Dewey Decimal Classification | Popular Collection | RTC Library | RTC Library | Popular Collection | 04/04/2023 | 8243 | 4 | 21 | 294.5 GOK | 30008305 | 17/06/2026 | 22/11/2023 | 22/11/2023 | 27/11/2018 | Main | |||||
| Dewey Decimal Classification | Popular Collection | RTC Library | RTC Library | Popular Collection | 28/02/2023 | 177070 | 1 | 1 | 294.5 GOK | 30018115 | 03/03/2026 | 04/07/2025 | 28/02/2023 | Main |